[Event "16. Memorial Keres 2006"]
[Site "Tallinn EST"]
[Date "2006.01.07"]
[Round "1.2"]
[White "Ivanchuk, Vassily"]
[Black "Liiva, Riho"]
[Result "1-0"]
[WhiteElo "2748"]
[BlackElo "2411"]
[PlyCount "81"]
[EventDate "2006.01.07"]
[EventType "tourn"]
[EventRounds "9"]
[EventCountry "EST"]
[Source "lmi"]
[SourceDate "2006.01.09"]

1. d4 d5 2. c4 c6 3. Nf3 e6 4. Qc2 Nf6 5. e3 Nbd7 6. Nc3 Bd6 7. Be2 O-O 8. O-O
dxc4 9. Bxc4 Qe7 10. a3 h6 11. Ba2 Rd8 12. h3 e5 13. Re1 Bc7 14. Bb1 Re8 15.
Nd5 cxd5 16. Qxc7 e4 17. Nh2 Nb6 18. Qxe7 Rxe7 19. b3 Be6 20. Nf1 Rc8 21. Bd2
Rec7 22. Ng3 Ne8 23. Ne2 Nd6 24. Bb4 Rc6 25. Ba2 Kf8 26. Rec1 Ke7 27. Kf1 Rxc1+
28. Rxc1 Rxc1+ 29. Nxc1 Kd7 30. Ne2 Nbc8 31. Ke1 Ne7 32. Bb1 Nec8 33. Nf4 Ne7
34. Bc2 g6 35. Bd1 Nef5 36. Be2 Nh4 37. Kf1 Nhf5 38. a4 Ne7 39. Ke1 Nc6 40. Ba3
Na5 41. Bd1 1-0

[Event "16. Memorial Keres 2006"]
[Site "Tallinn EST"]
[Date "2006.01.07"]
[Round "2.2"]
[White "Kasimdzhanov, Rustam"]
[Black "Ivanchuk, Vassily"]
[Result "1/2-1/2"]
[WhiteElo "2670"]
[BlackElo "2748"]
[PlyCount "100"]
[EventDate "2006.01.07"]
[EventType "tourn"]
[EventRounds "9"]
[EventCountry "EST"]
[Source "lmi"]
[SourceDate "2006.01.09"]

1. e4 c5 2. Nf3 Nc6 3. d4 cxd4 4. Nxd4 Nf6 5. Nc3 e5 6. Ndb5 d6 7. Bg5 a6 8.
Na3 b5 9. Nd5 Be7 10. Bxf6 Bxf6 11. c3 O-O 12. Nc2 Bg5 13. a4 bxa4 14. Rxa4 a5
15. Bc4 Rb8 16. Ra2 Kh8 17. Nce3 g6 18. h4 Bh6 19. h5 Kg7 20. Qd2 Rh8 21. g3
Bd7 22. f4 a4 23. Rxa4 Na5 24. Rb4 Rxb4 25. cxb4 Nc6 26. Nc2 Ne7 27. Nce3 Nxd5
28. Nxd5 Be6 29. Kf2 Bxd5 30. Bxd5 Qf6 31. Qc3 exf4 32. gxf4 Qxc3 33. bxc3 Bxf4
34. b5 Rb8 35. Rb1 Rb6 36. c4 Be5 37. Ke3 gxh5 38. Rg1+ Kh6 39. Rg8 h4 40. Kf2
h3 41. Kg1 f6 42. Kh1 Kh5 43. Rg7 Kh6 44. Rb7 Rxb7 45. Bxb7 Kg5 46. Bc8 Kf4 47.
Bf5 Kg3 48. b6 Bd4 49. b7 Ba7 50. Bxh7 Bb8 1/2-1/2

[Event "16. Memorial Keres 2006"]
[Site "Tallinn EST"]
[Date "2006.01.07"]
[Round "2.4"]
[White "Liiva, Riho"]
[Black "Vitiugov, Nikita"]
[Result "1/2-1/2"]
[WhiteElo "2411"]
[BlackElo "2538"]
[PlyCount "71"]
[EventDate "2006.01.07"]
[EventType "tourn"]
[EventRounds "9"]
[EventCountry "EST"]
[Source "lmi"]
[SourceDate "2006.01.09"]

1. e4 c5 2. Nf3 e6 3. Nc3 a6 4. g3 Nc6 5. Bg2 Nf6 6. O-O Qc7 7. Re1 d6 8. d4
cxd4 9. Nxd4 Rb8 10. Nxc6 bxc6 11. e5 dxe5 12. Rxe5 Bd6 13. Re1 O-O 14. Qe2 c5
15. b3 Bb7 16. Bxb7 Qxb7 17. Ne4 Be7 18. Bb2 Nxe4 19. Qxe4 Qxe4 20. Rxe4 Rfd8
21. Rg4 g6 22. Bc3 Rd5 23. Kf1 f5 24. Ra4 Rb6 25. Ke1 Rbd6 26. f4 Kf7 27. Be5
Rd8 28. Bc3 Bf6 29. Bxf6 Kxf6 30. Rxa6 Rd2 31. Ra8 R8d6 32. Ra6 Rd8 33. Kf1
Rxc2 34. Re1 Rdd2 35. Raxe6+ Kg7 36. R6e2 1/2-1/2

[Event "16. Memorial Keres 2006"]
[Site "Tallinn EST"]
[Date "2006.01.07"]
[Round "3.1"]
[White "Agrest, Evgenij"]
[Black "Shirov, Alexei"]
[Result "1/2-1/2"]
[WhiteElo "2571"]
[BlackElo "2710"]
[PlyCount "176"]
[EventDate "2006.01.07"]
[EventType "tourn"]
[EventRounds "9"]
[EventCountry "EST"]
[Source "lmi"]
[SourceDate "2006.01.09"]

1. d4 d5 2. Nf3 c6 3. c4 Nf6 4. Qb3 dxc4 5. Qxc4 Bf5 6. g3 e6 7. Bg2 Nbd7 8.
O-O Be7 9. Nc3 O-O 10. Re1 Ne4 11. Qb3 Qb6 12. Nh4 Qxb3 13. axb3 Bxh4 14. gxh4
Nef6 15. e4 Bg6 16. Be3 Ng4 17. Bf4 e5 18. dxe5 Ngxe5 19. Red1 Bh5 20. Rd6 f6
21. Be3 Nb6 22. f4 Nf3+ 23. Bxf3 Bxf3 24. Kf2 Bh5 25. Bxb6 axb6 26. Rxa8 Rxa8
27. Rd7 Ra1 28. Rxb7 Rh1 29. Kg2 Rc1 30. Rxb6 Rc2+ 31. Kg3 Rxb2 32. e5 Kf7 33.
Rxc6 fxe5 34. fxe5 Rxb3 35. e6+ Kf6 36. Kf4 Rb4+ 37. Ne4+ Ke7 38. Ke5 Rb5+ 39.
Nc5 Be8 40. Rc8 h6 41. Kd5 Rb2 42. Rc7+ Kf8 43. Ne4 Rxh2 44. e7+ Kg8 45. Rc8
Kf7 46. Nd6+ Kxe7 47. Rxe8+ Kd7 48. Ra8 Ke7 49. Ke5 Re2+ 50. Ne4 Rh2 51. Ra7+
Kf8 52. Nd6 Re2+ 53. Kf5 Kg8 54. Kg4 Rg2+ 55. Kf3 Rg1 56. Nf5 Rf1+ 57. Kg4 Rg1+
58. Ng3 Kh7 59. h5 Kg8 60. Kf4 Kh7 61. Kf3 Kh8 62. Kf2 Rb1 63. Nf5 Rb5 64. Ng3
Rb6 65. Ke3 g6 66. Kf4 gxh5 67. Nxh5 Kg8 68. Kf5 Kf8 69. Nf6 Rb1 70. Nd7+ Ke7
71. Ne5+ Kd6 72. Rd7+ Kc5 73. Ke6 Rb6+ 74. Kf5 Rb1 75. Rc7+ Kd5 76. Rd7+ Kc5
77. Rd2 Rf1+ 78. Ke6 Re1 79. Rc2+ Kd4 80. Rc4+ Ke3 81. Rh4 Ra1 82. Nc4+ Kf3 83.
Kf5 Kg3 84. Rg4+ Kf3 85. Rf4+ Ke2 86. Ke4 Ra8 87. Rh4 Re8+ 88. Ne5 Kd2 1/2-1/2

[Event "16. Memorial Keres 2006"]
[Site "Tallinn EST"]
[Date "2006.01.07"]
[Round "3.2"]
[White "Berg, Emanuel"]
[Black "Liiva, Riho"]
[Result "1/2-1/2"]
[WhiteElo "2540"]
[BlackElo "2411"]
[PlyCount "69"]
[EventDate "2006.01.07"]
[EventType "tourn"]
[EventRounds "9"]
[EventCountry "EST"]
[Source "lmi"]
[SourceDate "2006.01.09"]

1. e4 e5 2. Nf3 Nf6 3. d4 Nxe4 4. Bd3 Nc6 5. d5 Nf6 6. dxc6 e4 7. O-O exd3 8.
cxb7 Bxb7 9. Qxd3 Be7 10. Nc3 O-O 11. Nd4 Nd5 12. Qe4 Re8 13. Nxd5 Bc5 14. Qg4
Bxd5 15. Bg5 Be7 16. Rfe1 Be6 17. Nxe6 fxe6 18. Re5 Bxg5 19. Rxg5 Qf6 20. Rd1
Rf8 21. f3 d6 22. Rb5 Rab8 23. Qc4 Rxb5 24. Qxb5 Qf4 25. Qe2 e5 26. b3 Qb4 27.
a4 h6 28. Rd5 Rf4 29. g3 Rd4 30. Rxd4 Qxd4+ 31. Kg2 c6 32. h4 d5 33. Kh3 Kf7
34. Qa6 Qc5 35. Qd3 1/2-1/2

[Event "16. Memorial Keres 2006"]
[Site "Tallinn EST"]
[Date "2006.01.07"]
[Round "4.3"]
[White "Kosyrev, Vladimir"]
[Black "Vitiugov, Nikita"]
[Result "1/2-1/2"]
[WhiteElo "2530"]
[BlackElo "2538"]
[PlyCount "49"]
[EventDate "2006.01.07"]
[EventType "tourn"]
[EventRounds "9"]
[EventCountry "EST"]
[Source "lmi"]
[SourceDate "2006.01.09"]

1. d4 d5 2. c4 e6 3. Nf3 Nf6 4. Bg5 h6 5. Bxf6 Qxf6 6. Nc3 c6 7. e3 Nd7 8. Bd3
dxc4 9. Bxc4 g6 10. O-O Qe7 11. Qe2 Bg7 12. Rfd1 O-O 13. Rac1 a6 14. Bb3 b6 15.
e4 Bb7 16. e5 Rfd8 17. Qe4 Rab8 18. Qf4 c5 19. d5 exd5 20. Nxd5 Bxd5 21. Rxd5
b5 22. Rcd1 c4 23. Bc2 Nf8 24. h4 Rxd5 25. Rxd5 1/2-1/2

[Event "16. Memorial Keres 2006"]
[Site "Tallinn EST"]
[Date "2006.01.07"]
[Round "4.4"]
[White "Liiva, Riho"]
[Black "Agrest, Evgenij"]
[Result "1-0"]
[WhiteElo "2411"]
[BlackElo "2571"]
[PlyCount "71"]
[EventDate "2006.01.07"]
[EventType "tourn"]
[EventRounds "9"]
[EventCountry "EST"]
[Source "lmi"]
[SourceDate "2006.01.09"]

1. e4 c5 2. Nf3 d6 3. d4 Nf6 4. dxc5 Nc6 5. e5 dxe5 6. Qxd8+ Kxd8 7. Bb5 Nd7 8.
Be3 e6 9. Nc3 f6 10. O-O-O Kc7 11. Ne4 Be7 12. Bc4 Ndb8 13. Nd6 Bd7 14. c3 a6
15. b4 Na7 16. Rd3 Nb5 17. Rhd1 Bxd6 18. cxd6+ Kc8 19. Nd2 f5 20. Bb3 e4 21.
Nc4 exd3 22. Nb6+ Kd8 23. Rxd3 Nc6 24. Nxa8 Ne5 25. Bg5+ Ke8 26. Re3 Ng4 27.
Re2 Kf7 28. Nb6 Kg6 29. Be7 Bc6 30. Rxe6+ Nf6 31. d7 Bxd7 32. Nxd7 Rc8 33. Nxf6
gxf6 34. Bxf6 Nc7 35. Rb6 Na8 36. Rd6 1-0

[Event "16. Memorial Keres 2006"]
[Site "Tallinn EST"]
[Date "2006.01.07"]
[Round "4.5"]
[White "Yemelin, Vasily"]
[Black "Ivanchuk, Vassily"]
[Result "0-1"]
[WhiteElo "2529"]
[BlackElo "2748"]
[PlyCount "87"]
[EventDate "2006.01.07"]
[EventType "tourn"]
[EventRounds "9"]
[EventCountry "EST"]
[Source "lmi"]
[SourceDate "2006.01.09"]

1. e4 c6 2. d4 d5 3. exd5 cxd5 4. c4 Nf6 5. Nc3 e6 6. Nf3 Be7 7. cxd5 Nxd5 8.
Bd3 Nc6 9. O-O O-O 10. Re1 Bf6 11. Be4 Nce7 12. Ne5 Bd7 13. Nxd5 exd5 14. Bf3
Be6 15. Bf4 Ng6 16. Nxg6 hxg6 17. Be5 Rc8 18. Qb3 Qb6 19. Qxb6 axb6 20. Bxf6
gxf6 21. Rac1 Rc6 22. h4 Ra8 23. a3 Ra4 24. Rxc6 bxc6 25. Rc1 Bd7 26. Rd1 Rc4
27. Rd2 g5 28. g3 Kg7 29. hxg5 fxg5 30. Kf1 Kf6 31. Bd1 Rc1 32. Ke2 Ke7 33. Ba4
Rb1 34. Ke3 Kd6 35. Bb3 Be6 36. Bd1 f6 37. Kd3 Rc1 38. Ke3 Bf5 39. Ba4 Rb1 40.
Bb3 Bg4 41. Kd3 Rc1 42. Ba2 Bd1 43. Ke3 Bc2 44. b4 0-1

[Event "16. Memorial Keres 2006"]
[Site "Tallinn EST"]
[Date "2006.01.08"]
[Round "5.1"]
[White "Agrest, Evgenij"]
[Black "Kasimdzhanov, Rustam"]
[Result "0-1"]
[WhiteElo "2571"]
[BlackElo "2670"]
[PlyCount "96"]
[EventDate "2006.01.07"]
[EventType "tourn"]
[EventRounds "9"]
[EventCountry "EST"]
[Source "lmi"]
[SourceDate "2006.01.09"]

1. d4 d5 2. Nf3 Nf6 3. c4 e6 4. Nc3 Nbd7 5. cxd5 exd5 6. Bg5 Be7 7. e3 O-O 8.
Bd3 c6 9. Qc2 Re8 10. O-O Nf8 11. Rae1 Be6 12. Nd2 Rc8 13. f4 h6 14. Bh4 c5 15.
f5 Bd7 16. Nf3 N8h7 17. Ne5 Bc6 18. Kh1 Ng5 19. Nxc6 bxc6 20. dxc5 Bxc5 21. e4
Ng4 22. Nd1 Bd6 23. h3 Nf6 24. Nc3 d4 25. Nd1 Bb8 26. Bxg5 hxg5 27. g4 Qd6 28.
Qg2 Nd7 29. b3 Ne5 30. Nb2 Qe7 31. Bc4 Rcd8 32. Nd3 Nxd3 33. Bxd3 Bf4 34. Re2
Be3 35. Rc2 Rd6 36. Rc5 Rh6 37. b4 a5 38. a3 axb4 39. axb4 Bf4 40. Ra1 Rb8 41.
e5 Bxe5 42. Re1 f6 43. Rxc6 Qxb4 44. Rxe5 fxe5 45. Qd5+ Kf8 46. Rc7 Qe1+ 47.
Kg2 Qd2+ 48. Kg1 Qe3+ 0-1

[Event "16. Memorial Keres 2006"]
[Site "Tallinn EST"]
[Date "2006.01.08"]
[Round "5.4"]
[White "Shirov, Alexei"]
[Black "Liiva, Riho"]
[Result "0-1"]
[WhiteElo "2710"]
[BlackElo "2411"]
[PlyCount "78"]
[EventDate "2006.01.07"]
[EventType "tourn"]
[EventRounds "9"]
[EventCountry "EST"]
[Source "lmi"]
[SourceDate "2006.01.09"]

1. e4 e5 2. Nf3 Nf6 3. Nxe5 d6 4. Nf3 Nxe4 5. d4 d5 6. Bd3 Nd6 7. Bf4 Nc6 8.
O-O Be7 9. c3 O-O 10. Qc2 g6 11. Nbd2 Re8 12. Rfe1 Bf6 13. Ne5 Ne7 14. Ndf3 Bf5
15. Bxf5 Nexf5 16. Ng4 Bg7 17. Bg5 f6 18. Rxe8+ Nxe8 19. Bf4 Qd7 20. h3 Ned6
21. Re1 Re8 22. Rxe8+ Qxe8 23. Qb3 Qe4 24. Bxd6 Nxd6 25. Ne3 c6 26. Qa3 Bf8 27.
Qxa7 Qb1+ 28. Kh2 Qxb2 29. Ng4 Ne4 30. Qb8 Qxc3 31. Qe8 Qb4 32. Qe6+ Kg7 33. g3
Qe7 34. Qc8 h5 35. Ne3 Nxf2 36. Ng2 Ne4 37. Nf4 Nd6 38. Qb8 Nf5 39. Kg2 Qd7 0-1

[Event "16. Memorial Keres 2006"]
[Site "Tallinn EST"]
[Date "2006.01.08"]
[Round "5.5"]
[White "Vitiugov, Nikita"]
[Black "Yemelin, Vasily"]
[Result "1/2-1/2"]
[WhiteElo "2538"]
[BlackElo "2529"]
[PlyCount "76"]
[EventDate "2006.01.07"]
[EventType "tourn"]
[EventRounds "9"]
[EventCountry "EST"]
[Source "lmi"]
[SourceDate "2006.01.09"]

1. d4 d5 2. c4 e6 3. Nc3 c5 4. cxd5 exd5 5. Nf3 Nc6 6. g3 Nf6 7. Bg2 Be7 8. O-O
O-O 9. dxc5 Bxc5 10. Bg5 d4 11. Ne4 Be7 12. Bxf6 Bxf6 13. b4 Nxb4 14. Nxf6+
Qxf6 15. Qxd4 Qe7 16. Qb2 Nc6 17. Rfd1 Bf5 18. Nd4 Nxd4 19. Rxd4 Rab8 20. Rad1
b6 21. h3 Rbc8 22. e4 Be6 23. f4 Rc5 24. R1d2 g6 25. Rd6 Rfc8 26. Kh2 h5 27. a3
Kh7 28. Qd4 Kg8 29. Qf2 Kg7 30. Qd4+ Qf6 31. Qxf6+ Kxf6 32. g4 hxg4 33. hxg4
Rc2 34. f5 Rxd2 35. Rxd2 Bb3 36. Rd3 Bc4 37. Rd7 Be2 38. Rxa7 Ra8 1/2-1/2

[Event "16. Memorial Keres 2006"]
[Site "Tallinn EST"]
[Date "2006.01.08"]
[Round "7.2"]
[White "Agrest, Evgenij"]
[Black "Yemelin, Vasily"]
[Result "0-1"]
[WhiteElo "2571"]
[BlackElo "2529"]
[PlyCount "78"]
[EventDate "2006.01.07"]
[EventType "tourn"]
[EventRounds "9"]
[EventCountry "EST"]
[Source "lmi"]
[SourceDate "2006.01.09"]

1. e4 e5 2. Nf3 Nc6 3. Bb5 Nf6 4. d3 d6 5. O-O g6 6. c3 Bg7 7. Nbd2 O-O 8. Re1
Nb8 9. d4 Nbd7 10. Nf1 a6 11. Ba4 b5 12. Bb3 Bb7 13. Ng3 c5 14. a4 Re8 15. d5
c4 16. Bc2 Nc5 17. Be3 Nfd7 18. Qd2 Nb6 19. axb5 axb5 20. h4 h5 21. Bg5 Qc7 22.
Bh6 Qe7 23. Bg5 Qf8 24. Be3 Nbd7 25. Qe2 Nf6 26. Ng5 Rxa1 27. Rxa1 Ra8 28. Rf1
Bc8 29. f4 exf4 30. Rxf4 Ra1+ 31. Nf1 Ncd7 32. Bd4 Ne5 33. b3 Qe7 34. bxc4 bxc4
35. Rf2 Nfg4 36. Rf4 Bh6 37. g3 Bxg5 38. hxg5 Qxg5 39. Kg2 h4 0-1

[Event "16. Memorial Keres 2006"]
[Site "Tallinn EST"]
[Date "2006.01.08"]
[Round "7.3"]
[White "Shirov, Alexei"]
[Black "Kosyrev, Vladimir"]
[Result "0-1"]
[WhiteElo "2710"]
[BlackElo "2530"]
[PlyCount "84"]
[EventDate "2006.01.07"]
[EventType "tourn"]
[EventRounds "9"]
[EventCountry "EST"]
[Source "lmi"]
[SourceDate "2006.01.09"]

1. e4 e6 2. d3 d5 3. Nd2 Nf6 4. Ngf3 c5 5. g3 b6 6. Bg2 Bb7 7. O-O Be7 8. Re1
Nc6 9. c3 Qc7 10. Nf1 O-O-O 11. Qa4 h6 12. Bf4 Qd7 13. Rad1 g5 14. Bc1 Kb8 15.
Qc2 Ka8 16. a3 Qc7 17. Ne3 g4 18. Nh4 dxe4 19. Nc4 b5 20. Ne3 exd3 21. Rxd3 c4
22. Rxd8+ Rxd8 23. a4 Ne5 24. axb5 Bxg2 25. Nexg2 Nd3 26. Rf1 Bc5 27. Be3 Ne4
28. Qa4 Ndxf2 29. Rxf2 Nxf2 30. Qxc4 Nd3 31. Qxg4 Bxe3+ 32. Nxe3 Nxb2 33. c4
Qc5 34. Nhg2 Nd1 35. Qf3+ Kb8 36. Qf4+ e5 37. Qe4 Nxe3 38. Nxe3 f5 39. Qf3 Rd3
40. Kf2 Qd4 41. Ke2 Rd2+ 42. Ke1 Qc3 0-1

[Event "16. Memorial Keres 2006"]
[Site "Tallinn EST"]
[Date "2006.01.08"]
[Round "7.4"]
[White "Liiva, Riho"]
[Black "Kasimdzhanov, Rustam"]
[Result "0-1"]
[WhiteElo "2411"]
[BlackElo "2670"]
[PlyCount "114"]
[EventDate "2006.01.07"]
[EventType "tourn"]
[EventRounds "9"]
[EventCountry "EST"]
[Source "lmi"]
[SourceDate "2006.01.09"]

1. e4 e5 2. Nc3 Nf6 3. Bc4 Bb4 4. Nd5 Nxd5 5. Bxd5 c6 6. Bb3 O-O 7. Ne2 d5 8.
c3 Be7 9. exd5 cxd5 10. d4 exd4 11. Nxd4 Nc6 12. O-O Bf6 13. Be3 Ne5 14. h3 b6
15. Qe2 Bb7 16. Rad1 Rc8 17. Nf3 Nc4 18. Bd4 Re8 19. Qc2 Bxd4 20. Nxd4 Qf6 21.
Rfe1 g6 22. Ba4 Re4 23. f3 Rxe1+ 24. Rxe1 Qh4 25. Re2 Qg5 26. Bb5 Nd6 27. Bd3
Re8 28. Qd2 Qd8 29. Rxe8+ Qxe8 30. Kf2 Qe5 31. Qe3 Qf6 32. Ne2 Qh4+ 33. Kf1 h5
34. Qe5 Qd8 35. Nf4 Nc4 36. Bxc4 dxc4 37. Ne2 h4 38. Nd4 Kh7 39. Kg1 Kg8 40.
Kh2 Kh7 41. Nb5 Bxf3 42. Nd6 f6 43. Qd4 Bh5 44. Nxc4 Qxd4 45. cxd4 g5 46. Nd6
Kg7 47. Nc8 Be8 48. Nxa7 Bd7 49. d5 Kg6 50. Nc6 Kf5 51. Kg1 Be8 52. Kf2 Ke4 53.
Nb4 f5 54. g3 hxg3+ 55. Kxg3 Bd7 56. Kg2 f4 57. a3 b5 0-1

[Event "16. Memorial Keres 2006"]
[Site "Tallinn EST"]
[Date "2006.01.08"]
[Round "7.5"]
[White "Berg, Emanuel"]
[Black "Ivanchuk, Vassily"]
[Result "1/2-1/2"]
[WhiteElo "2540"]
[BlackElo "2748"]
[PlyCount "93"]
[EventDate "2006.01.07"]
[EventType "tourn"]
[EventRounds "9"]
[EventCountry "EST"]
[Source "lmi"]
[SourceDate "2006.01.09"]

1. e4 e5 2. Nf3 Nc6 3. d4 exd4 4. Nxd4 Bc5 5. Be3 Qf6 6. c3 Nge7 7. Bc4 O-O 8.
O-O Bb6 9. Nc2 d6 10. Nd2 Be6 11. Qh5 Ng6 12. g3 Rae8 13. Bxe6 Qxe6 14. Bxb6
axb6 15. Ne3 Nge7 16. Rfe1 Ne5 17. Qe2 Nd7 18. Qd3 Nc5 19. Qc2 d5 20. exd5 Nxd5
21. Nf3 h6 22. Nd4 Nxe3 23. Rxe3 Qd5 24. Qe2 Rxe3 25. Qxe3 Rd8 26. a3 Na4 27.
Qe2 c5 28. Rd1 b5 29. Qxb5 Qd7 30. Qb3 b5 31. Rd2 cxd4 32. Rxd4 Qe8 33. Rxd8
Qxd8 34. Qxb5 Qd1+ 35. Kg2 Qc2 36. Qe8+ Kh7 37. Qxf7 Nxb2 38. Qf3 Na4 39. Qc6
Nxc3 40. a4 Qd3 41. a5 Nd5 42. Qe6 Nb4 43. h4 Qb5 44. Qe4+ Kg8 45. Qa8+ Kf7 46.
Qf3+ Kg8 47. Qa8+ 1/2-1/2

[Event "16. Memorial Keres 2006"]
[Site "Tallinn EST"]
[Date "2006.01.08"]
[Round "8.1"]
[White "Ivanchuk, Vassily"]
[Black "Agrest, Evgenij"]
[Result "1/2-1/2"]
[WhiteElo "2748"]
[BlackElo "2571"]
[PlyCount "81"]
[EventDate "2006.01.07"]
[EventType "tourn"]
[EventRounds "9"]
[EventCountry "EST"]
[Source "lmi"]
[SourceDate "2006.01.09"]

1. e4 c5 2. Nf3 d6 3. Nc3 a6 4. g3 Nc6 5. Bg2 e6 6. O-O Be7 7. d4 cxd4 8. Nxd4
Bd7 9. Nxc6 Bxc6 10. Qg4 h5 11. Qe2 h4 12. Rd1 Qa5 13. Bf4 Rd8 14. Rd3 hxg3 15.
hxg3 Qh5 16. Qxh5 Rxh5 17. Rad1 e5 18. Be3 Nf6 19. Nd5 Nxd5 20. exd5 Bb5 21.
Rb3 f5 22. a4 Bxa4 23. Rxb7 Bxc2 24. Rc1 Ba4 25. g4 fxg4 26. Be4 Kf8 27. Bg6
Rh3 28. Bf5 Bf6 29. Bxg4 Rh4 30. Be6 Be8 31. Rc6 Bh5 32. Kg2 e4 33. Kg3 g5 34.
f4 exf3 35. Rh7 Be5+ 36. Kf2 Rh2+ 37. Kf1 Rh1+ 38. Kf2 Rh2+ 39. Kf1 Rh1+ 40.
Kf2 Rh2+ 41. Kf1 1/2-1/2

[Event "16. Memorial Keres 2006"]
[Site "Tallinn EST"]
[Date "2006.01.08"]
[Round "8.2"]
[White "Yemelin, Vasily"]
[Black "Shirov, Alexei"]
[Result "1-0"]
[WhiteElo "2529"]
[BlackElo "2710"]
[PlyCount "63"]
[EventDate "2006.01.07"]
[EventType "tourn"]
[EventRounds "9"]
[EventCountry "EST"]
[Source "lmi"]
[SourceDate "2006.01.09"]

1. e4 e5 2. Nf3 Nc6 3. Bb5 a6 4. Ba4 Nf6 5. d3 d6 6. c3 g6 7. Nbd2 Bg7 8. Nf1
Nh5 9. Ng3 Nf4 10. Bxf4 exf4 11. Ne2 g5 12. h4 b5 13. Bb3 g4 14. Ng5 Ne5 15.
Nxf4 h6 16. Bxf7+ Nxf7 17. Nge6 Bxe6 18. Nxe6 Qf6 19. Nxc7+ Kd7 20. Nxa8 Rxa8
21. Qxg4+ Ke7 22. d4 h5 23. Qxh5 Bh6 24. Rh3 Rh8 25. Qf5 Qxf5 26. exf5 d5 27.
Kf1 Nd6 28. Re1+ Kd7 29. g4 Bg5 30. Kg2 Rxh4 31. Rxh4 Bxh4 32. Re5 1-0

[Event "16. Memorial Keres 2006"]
[Site "Tallinn EST"]
[Date "2006.01.08"]
[Round "8.4"]
[White "Kosyrev, Vladimir"]
[Black "Liiva, Riho"]
[Result "1/2-1/2"]
[WhiteElo "2530"]
[BlackElo "2411"]
[PlyCount "82"]
[EventDate "2006.01.07"]
[EventType "tourn"]
[EventRounds "9"]
[EventCountry "EST"]
[Source "lmi"]
[SourceDate "2006.01.09"]

1. d4 d5 2. c4 c6 3. Nf3 e6 4. Nbd2 Nf6 5. e3 Nbd7 6. b3 Bd6 7. Bb2 O-O 8. Bd3
Qe7 9. Ne5 Ba3 10. Bxa3 Qxa3 11. f4 c5 12. Ndf3 b6 13. O-O Bb7 14. cxd5 Bxd5
15. Nxd7 Nxd7 16. e4 Bb7 17. e5 g6 18. Ng5 Qb2 19. Be4 Bxe4 20. Nxe4 Qxd4+ 21.
Qxd4 cxd4 22. Rfd1 Nc5 23. Nf6+ Kg7 24. Rxd4 Rfd8 25. Rad1 Rxd4 26. Rxd4 a5 27.
Kf2 Na6 28. Rd6 b5 29. Rb6 Nb4 30. a3 Nc2 31. Rxb5 Nxa3 32. Rb7 a4 33. bxa4
Rxa4 34. Kg3 Ra8 35. Ne4 Rf8 36. Nc5 Kg8 37. Kf3 Nc4 38. Rb4 Na5 39. Ke4 Rc8
40. Rb5 Nc6 41. Nb7 Rb8 1/2-1/2

[Event "16. Memorial Keres 2006"]
[Site "Tallinn EST"]
[Date "2006.01.08"]
[Round "9.3"]
[White "Kasimdzhanov, Rustam"]
[Black "Kosyrev, Vladimir"]
[Result "1/2-1/2"]
[WhiteElo "2670"]
[BlackElo "2530"]
[PlyCount "33"]
[EventDate "2006.01.07"]
[EventType "tourn"]
[EventRounds "9"]
[EventCountry "EST"]
[Source "lmi"]
[SourceDate "2006.01.09"]

1. e4 e6 2. d4 d5 3. Nc3 Nc6 4. Nf3 Nf6 5. exd5 exd5 6. Bb5 Bb4 7. O-O O-O 8.
Bxc6 bxc6 9. Ne5 Bxc3 10. bxc3 Ne4 11. Ba3 Re8 12. c4 dxc4 13. Nxc6 Qf6 14.
Ne7+ Kh8 15. Nd5 Qd8 16. Ne3 Bb7 17. d5 1/2-1/2

[Event "16. Memorial Keres 2006"]
[Site "Tallinn EST"]
[Date "2006.01.08"]
[Round "9.4"]
[White "Liiva, Riho"]
[Black "Yemelin, Vasily"]
[Result "0-1"]
[WhiteElo "2411"]
[BlackElo "2529"]
[PlyCount "93"]
[EventDate "2006.01.07"]
[EventType "tourn"]
[EventRounds "9"]
[EventCountry "EST"]
[Source "lmi"]
[SourceDate "2006.01.09"]

1. e4 e5 2. Nc3 Nf6 3. Bc4 Nc6 4. d3 Na5 5. Nge2 Be7 6. O-O d6 7. Ng3 O-O 8. h3
c6 9. a3 Nxc4 10. dxc4 Be6 11. Qe2 Qa5 12. Bd2 Qa6 13. b3 Rac8 14. Rfd1 Rfd8
15. Be3 d5 16. cxd5 Qxe2 17. Ngxe2 cxd5 18. exd5 Nxd5 19. Nxd5 Rxd5 20. Rxd5
Bxd5 21. c4 Be4 22. Nc3 Bc2 23. Nd5 Bf8 24. b4 Rxc4 25. Bxa7 Bb3 26. Rb1 Ba2
27. Ra1 Bb3 28. Rb1 Ba2 29. Ra1 Rc2 30. Ne3 Rb2 31. Rc1 Rb1 32. Rxb1 Bxb1 33.
Kf1 f5 34. Ke2 Kf7 35. Nc4 Ke6 36. Bb8 e4 37. Na5 b5 38. Ke3 g5 39. g3 Kd5 40.
Nb3 Bg7 41. Ba7 Bb2 42. Nd2 Bd3 43. h4 gxh4 44. gxh4 Bxa3 45. Bc5 Bc1 46. f4 h5
47. Bb6 0-1